Loading...
| Any History | 8 | 10.00 | 88% | 13% | 0% |
| Current Events | 2 | 10.00 | 100% | 0% | 0% |
| Fine Arts - Classical Music | 5 | 20.00 | 100% | 80% | 20% |
| Fine Arts - Other | 5 | 16.00 | 100% | 60% | 0% |
| Geography | 6 | 16.67 | 100% | 50% | 17% |
| History - American | 5 | 16.00 | 80% | 80% | 0% |
| History - European | 10 | 19.00 | 100% | 60% | 30% |
| History - World | 7 | 21.43 | 100% | 71% | 43% |
| Literature - American | 9 | 11.11 | 100% | 11% | 0% |
| Literature - British | 7 | 17.14 | 100% | 57% | 14% |
| Literature - European | 7 | 12.86 | 86% | 29% | 14% |
| Literature - World | 9 | 14.44 | 100% | 44% | 0% |
| Mythology | 2 | 15.00 | 100% | 50% | 0% |
| Other Academic | 3 | 13.33 | 67% | 67% | 0% |
| Painting & Sculpture | 7 | 15.71 | 86% | 43% | 29% |
| Philosophy | 8 | 12.50 | 100% | 25% | 0% |
| Religion | 9 | 11.11 | 89% | 22% | 0% |
| Science - Biology | 4 | 12.50 | 100% | 25% | 0% |
| Science - Chemistry | 4 | 17.50 | 100% | 50% | 25% |
| Science - Other | 9 | 13.33 | 78% | 44% | 11% |
| Science - Physics | 9 | 17.78 | 100% | 78% | 0% |
| Social Science | 10 | 16.00 | 100% | 60% | 0% |